Statistiques concernant Gagnants de Roland-Garros

Cliquez ici pour prendre le quiz!

Statistiques générales

  • Ce quiz a été pris 106 fois
  • Le résultat moyen est 18 sur 32

Statistiques - réponses

AnnéesVainqueurs% Correct
2017Rafael Nadal
100%
2019Rafael Nadal
99%
2018Rafael Nadal
99%
2020Rafael Nadal
98%
2021Novak Djokovic
94%
2016Novak Djokovic
92%
2014Rafael Nadal
91%
2013Rafael Nadal
91%
2012Rafael Nadal
91%
2011Rafael Nadal
91%
2010Rafael Nadal
91%
2008Rafael Nadal
91%
2007Rafael Nadal
90%
2006Rafael Nadal
90%
2005Rafael Nadal
88%
2009Roger Federer
88%
2015Stanislas Wawrinka
74%
2001Gustavo Kuerten
25%
2000Gustavo Kuerten
24%
1999Andre Agassi
22%
2003Juan Carlos Ferrero
20%
2004Gaston Gaudio
16%
1997Gustavo Kuerten
16%
1998Carlos Moya
13%
1991Jim Courier
13%
2002Albert Costa
11%
1992Jim Courier
11%
1995Thomas Muster
10%
1993Sergi Bruguera
8%
1996Yevgeny Kafelnikov
8%
1990Andrés Gomez
7%
1994Sergi Bruguera
7%

Distribution des résultats

Percentile par nombre de réponses

% des personnes avec chaque résultat

Votre développement - résultats

Vous n’avez pas pris ce quiz